Szczegóły MARC21

Ukryte znaczenia : sztuka na Pomorzu w XVI i XVII wieku : przewodnik po wystawie /

003 -Nazwa inst., której nr kontr. jest w polu 001 [,]
    • @
    • Nazwa instytucji, której n kontrolny jest w polu 001
    • NUKAT
005 -DATA I CZAS OSTATNIEJ MODYFIKACJI [,]
    • @
    • pole kontrolne
    • 20241231095145.0
020 -Międzynarod. znormalizowany nr książki - ISBN [ , ]
    • a
    • Numer ISBN
    • 9788363365899 Find
040 -Instytucja sporządzająca opis [ , ]
    • a
    • Instytucja, która sporządziła opis (NP)
    • Ł U/GS
    • b
    • Język katalogowania
    • pol
    • e
    • Zasady katalogowania
    • rda
    • c
    • Instytucja, która sporządziła rekord (NP)
    • Ł U/GS
    • d
    • Instytucja, która zmodyfikowała rekord (P)
    • Ł U/GS
    • d
    • Instytucja, która zmodyfikowała rekord (P)
    • Ł U/JŁs
942 -Rodzaj dokumentu [ , ]
    • c
    • Rodzaj dokumentu
    • Książka
100 -Hasło główne - nazwa osobowa [1, ]
    • a
    • Nazwa osobowa (NP)
    • Frankowska-Makała, Monika.
    • e
    • Rodzaj współpracy
    • Autor
    • 9
    • KHW
    • 47703
245 -Strefa tytułu i oznaczenia odpowiedzialności [1,0]
    • a
    • Tytuł
    • Ukryte znaczenia : Find
    • b
    • Ciąg dalszy tytułu (NP)
    • sztuka na Pomorzu w XVI i XVII wieku : przewodnik po wystawie / Find
    • c
    • Pozostałe elementy strefy tytułu i oznaczenia odpowiedzialności (NP)
    • Monika Frankowska-Makała.
260 -Strefa adresu wydawniczego [ , ]
    • a
    • Miejsce wydania (P)
    • Szczecin :
    • b
    • Nazwa wydawcy (P)
    • Muzeum Narodowe,
    • c
    • Data wydania (P)
    • 2022.
300 -Strefa opisu fizycznego [ , ]
    • a
    • Określenie formy książki i/lub objętość (NP)
    • 48, [3] strony :
    • b
    • Oznaczenie ilustracji (NP)
    • ilustracje ;
    • c
    • Format (NP)
    • 24 cm.
336 -Typ zawartości [ , ]
    • a
    • Termin opisujący typ zawartości
    • Tekst
    • b
    • Kod określający zawartość
    • txt
    • 2
    • Źródło (terminu i kodu)
    • rdacontent
337 -Typ mediów [ , ]
    • a
    • Tryb odtwarzania
    • Bez urządzenia pośredniczącego
    • b
    • Kod typu mediów
    • n
    • 2
    • Źródło (terminu i kodu)
    • rdamedia
338 -Typ/rodzaj nośnika [ , ]
    • a
    • Hasło opisujące typ nośnika
    • Wolumin
    • b
    • Kod typu nośnika
    • nc
    • 2
    • Źródło (terminu i kodu)
    • rdacarrier
380 -Deskryptor - Forma dzieła (P) [ , ]
    • a
    • forma dzieła (NP)
    • Książki
380 -Deskryptor - Forma dzieła (P) [ , ]
    • a
    • forma dzieła (NP)
    • Albumy i książki artystyczne
388 -Deskryptor - czas powstania dzieła (P) [1, ]
    • a
    • Czas powstania dzieła (NP)
    • 2001-
500 -Uwaga ogólna [ , ]
    • a
    • Uwaga ogólna (NP)
    • Wystawa stała: Ukryte znaczenia. Sztuka na Pomorzu w XVI i XVII wieku, Muzeum Narodowe, Szczecin.
610 -Hasło przedmiotowe w formie nazwy ciała zbiorowego [2,7]
    • a
    • Nazwa ciała zbiorowego lub nazwa geograficzna
    • Muzeum Narodowe (Szczecin)
    • v
    • Określnik formalny
    • katalogi.
    • 2
    • Źródło terminu
    • kaba
    • 9
    • KHW
    • 350956
610 -Hasło przedmiotowe w formie nazwy ciała zbiorowego [2,7]
    • a
    • Nazwa ciała zbiorowego lub nazwa geograficzna
    • Muzeum Narodowe (Szczecin)
    • 2
    • Źródło terminu
    • DBN
    • 9
    • KHW
    • 721882
650 -Hasło przedmiotowe [ ,7]
    • a
    • Hasło przedmiotowe
    • Barok
    • 2
    • Źródło terminu
    • DBN
    • 9
    • KHW
    • 730092
650 -Hasło przedmiotowe [ ,7]
    • a
    • Hasło przedmiotowe
    • Renesans
    • 2
    • Źródło terminu
    • DBN
    • 9
    • KHW
    • 723016
650 -Hasło przedmiotowe [ ,7]
    • a
    • Hasło przedmiotowe
    • Malarstwo europejskie
    • 2
    • Źródło terminu
    • DBN
    • 9
    • KHW
    • 118145
650 -Hasło przedmiotowe [ ,7]
    • a
    • Hasło przedmiotowe
    • Rzeźba europejska
    • 2
    • Źródło terminu
    • DBN
    • 9
    • KHW
    • 735381
650 -Hasło przedmiotowe [ ,7]
    • a
    • Hasło przedmiotowe
    • Sztuka sakralna
    • 2
    • Źródło terminu
    • DBN
    • 9
    • KHW
    • 725494
650 -Hasło przedmiotowe [ ,7]
    • a
    • Hasło przedmiotowe
    • Wystawy stałe
    • 2
    • Źródło terminu
    • DBN
    • 9
    • KHW
    • 744927
650 -Hasło przedmiotowe [ ,7]
    • a
    • Hasło przedmiotowe
    • Wystawy sztuki
    • 2
    • Źródło terminu
    • DBN
    • 9
    • KHW
    • 744754
650 -Hasło przedmiotowe [ ,7]
    • a
    • Hasło przedmiotowe
    • Zbiory muzealne
    • 2
    • Źródło terminu
    • DBN
    • 9
    • KHW
    • 722381
650 -Hasło przedmiotowe [ ,7]
    • a
    • Hasło przedmiotowe
    • Malarstwo
    • z
    • Określnik geograficzny
    • Pomorze (region)
    • y
    • Określnik chronologiczny
    • 1500-1800
    • v
    • Określnik formalny
    • katalogi wystaw.
    • 2
    • Źródło terminu
    • kaba
650 -Hasło przedmiotowe [ ,7]
    • a
    • Hasło przedmiotowe
    • Malarstwo europejskie
    • z
    • Określnik geograficzny
    • Pomorze (region)
    • y
    • Określnik chronologiczny
    • 1500-1800
    • v
    • Określnik formalny
    • katalogi wystaw.
    • 2
    • Źródło terminu
    • kaba
650 -Hasło przedmiotowe [ ,7]
    • a
    • Hasło przedmiotowe
    • Sztuka sakralna
    • z
    • Określnik geograficzny
    • Pomorze (region)
    • y
    • Określnik chronologiczny
    • 1500-1800
    • v
    • Określnik formalny
    • katalogi wytstaw.
    • 2
    • Źródło terminu
    • kaba
650 -Hasło przedmiotowe [ ,7]
    • a
    • Hasło przedmiotowe
    • Życie artystyczne
    • z
    • Określnik geograficzny
    • Pomorze (region)
    • y
    • Określnik chronologiczny
    • 1500-1800
    • v
    • Określnik formalny
    • katalogi wystaw.
    • 2
    • Źródło terminu
    • kaba
651 -Hasło przedmiotowe w formie nazwy geograficznej [ ,7]
    • a
    • Nazwa geograficzna
    • Pomorze
    • 2
    • Źródło terminu
    • DBN
    • 9
    • KHW
    • 725876
651 -Hasło przedmiotowe w formie nazwy geograficznej [ ,7]
    • a
    • Nazwa geograficzna
    • Szczecin (woj. zachodniopomorskie)
    • 2
    • Źródło terminu
    • DBN
    • 9
    • KHW
    • 721822
655 -Hasło w funkcji tematu formalnego [ ,7]
    • a
    • Hasło
    • Przewodnik po wystawie
    • 2
    • Źródło terminu
    • DBN
655 -Hasło w funkcji tematu formalnego [ ,7]
    • a
    • Hasło
    • Publikacja bogato ilustrowana
    • 2
    • Źródło terminu
    • DBN
    • 9
    • KHW
    • 721766
658 -Ujęcie treści [ , ]
    • a
    • dziedzina nauki i sztuki/ sfera aktywności życiowej
    • Bibliotekarstwo, archiwistyka, muzealnictwo
658 -Ujęcie treści [ , ]
    • a
    • dziedzina nauki i sztuki/ sfera aktywności życiowej
    • Historia
658 -Ujęcie treści [ , ]
    • a
    • dziedzina nauki i sztuki/ sfera aktywności życiowej
    • Kultura i sztuka
710 -Hasło dodatkowe - nazwa ciała zbiorowego [2, ]
    • a
    • Nazwa ciała zbiorowego lub nazwa geograficzna jako pierwszy element (NP)
    • Muzeum Narodowe (Szczecin).
    • e
    • Rodzaj współpracy
    • Wydawca
    • 4
    • Kod relacji
    • pbl
    • 9
    • KHW
    • 17931
920 -ISBN [ , ]
    • a
    • ISBN
    • 978-83-63365-89-9 Find
Data inwentaryzacji Lokalizacja Status udost. Numer inwentarzowy
2023-11-23BG1Z.126476